00962cam a22002534a 450000100090000000300120000900500170002100800410003801000170007902000350009604000220013104200080015305000210016108200150018210000330019724501160023026000340034630000360038050400640041665000220048070000230050285600910052585600920061613178024NUST - PNEC20170116180853.0030428s2004 nyua b 001 0 eng  a 2003050660 a0387402497 (hbk. : alk. paper) aDLCcLIBRARYdDLC apcc00aQH513b.H86 200400a610.28 HUM1 aHumphrey, Jay Dowell,d1959-13aAn introduction to biomechanics : solids and fluids, analysis and design /cJay D. Humphrey, Sherry L. Delange. aNew York :bSpringer,cc2004. axviii, 631 p. :bill. ;c24 cm. aIncludes bibliographical references (p. 619-623) and index. 0aBiomechanics.xME1 aDelange, Sherry L.423Publisher descriptionuhttp://www.loc.gov/catdir/enhancements/fy0813/2003050660-d.html413Table of contents onlyuhttp://www.loc.gov/catdir/enhancements/fy0813/2003050660-t.html